National geographic : the photographs /

Bibliographic Details
Main Author: Bendavid-Val, Leah
Format: Book
Language:English
Published: [Washington, D.C.] : National Geographic Society, [1994]
Subjects:

MARC

Tag First Indicator Second Indicator Subfields
LEADER 00000cam a2200000 a 4500
001 in00001402272
005 20151020054123.0
008 940712s1994 dcua 001 0 eng
010 |a  94029971  
020 |a 0870449869 
020 |a 0870449877 (deluxe) 
035 |a (OCoLC)30893073 
035 |9 AHN0458AM 
040 |a DLC  |c DLC  |d TXA  |d UtOrBLW 
049 |a TXAM 
050 0 0 |a TR790  |b .B46 1994 
082 0 0 |a 778.9/907049  |2 20 
100 1 |a Bendavid-Val, Leah. 
245 1 0 |a National geographic :  |b the photographs /  |c by Leah Bendavid-Val. 
246 3 0 |a Photographs 
264 1 |a [Washington, D.C.] :  |b National Geographic Society,  |c [1994] 
264 4 |c ©1994 
300 |a 336 pages :  |b illustrations (some color) ;  |c 31 cm. 
336 |a text  |b txt  |2 rdacontent 
337 |a unmediated  |b n  |2 rdamedia 
338 |a volume  |b nc  |2 rdacarrier 
500 |a Includes index. 
650 0 |a Travel photography. 
650 0 |a Documentary photography. 
630 0 0 |a National geographic. 
730 0 |a National geographic. 
999 |a MARS 
999 f f |s aef34429-7ac2-3bc8-8483-5fa98f4789dc  |i 600487e0-463d-3158-981e-686169bc4ce5  |t 0 
952 f f |p normal  |a Texas A&M University  |b College Station  |c Sterling C. Evans Library  |d Evans: Library Stacks  |t 0  |e TR790 .B46 1994  |h Library of Congress classification  |i unmediated -- volume  |m A14822094420 
998 f f |a TR790 .B46 1994  |t 0  |l Evans: Library Stacks